000
00324nam a22001337a 4500
008
250703b |||||||| |||| 00| 0 eng d
020
_a
0333300122
050
_a
HD625
_b
.F76
100
_a
FROST Conrad
245
_a
How To Be Your Own Boss
260
_a
Hong Kong
_b
The MacMillan Press
_c
1979
300
_a
182p.
942
_c
BK
999
_c
4102
_d
4102